| 000 -LEADER |
| fixed length control field |
01156nam a22001817a 4500 |
| 005 - DATE AND TIME OF LATEST TRANSACTION |
| control field |
20241126172433.0 |
| 008 - FIXED-LENGTH DATA ELEMENTS--GENERAL INFORMATION |
| fixed length control field |
241126s2024 en ||||| |||| 00| 0 eng d |
| 020 ## - INTERNATIONAL STANDARD BOOK NUMBER |
| International Standard Book Number |
9789887064688 X. |
| 080 ## - UNIVERSAL DECIMAL CLASSIFICATION NUMBER |
| Universal Decimal Classification number |
371.315.7 W-31 |
| 100 ## - MAIN ENTRY--PERSONAL NAME |
| Personal name |
Wathall,Chang Jennifer |
| 9 (RLIN) |
23798 |
| 245 ## - TITLE STATEMENT |
| Title |
AI-powered pedagogy : |
| Remainder of title |
redefining education / |
| Statement of responsibility, etc. |
Chang Jennifer Wathall, foreword by Alexis Wiggins. |
| 264 ## - PRODUCTION, PUBLICATION, DISTRIBUTION, MANUFACTURE, AND COPYRIGHT NOTICE |
| Place of production, publication, distribution, manufacture |
Hong Kong : |
| Name of producer, publisher, distributor, manufacturer |
Published by Jennifer Chang Wathall, |
| Date of production, publication, distribution, manufacture, or copyright notice |
2024. |
| 300 ## - PHYSICAL DESCRIPTION |
| Extent |
237 p.: |
| Other physical details |
22 cm. |
| 653 ## - INDEX TERM--UNCONTROLLED |
| keyword |
AI-Powered Pedagogy: Redefining Education by Dr. Jennifer Chang Wathall is an essential guide for educators and educational leaders looking to effectively and responsibly integrate artificial intelligence (AI) into their teaching practices. This comprehensive book offers a robust framework for embracing AI in education, ensuring it enhances learning experiences while maintaining ethical standards -- preface taken from Amazon |
| 653 ## - INDEX TERM--UNCONTROLLED |
| keyword |
ხელოვნური ინტელექტის მქონე პედაგოგიკა |
| 700 ## - ADDED ENTRY--PERSONAL NAME |
| Personal name |
Wiggins, Alexis |
| Relator term |
წინასიტყვაობა |
| 9 (RLIN) |
23799 |
| 942 ## - ADDED ENTRY ELEMENTS (KOHA) |
| Source of classification or shelving scheme |
|
| Koha item type |
წიგნი |